000 00466nam a22001457a 4500
999 _c30907
_d30907
008 210127b ||||| |||| 00| 0 eng d
020 _a9781473729735
050 _aHD 62 .S76 2017
100 _aStokes,David.
245 _aSmall business management and entrepreneurship/
260 _aAustralia:
_bCengage learning,
_cc2017.
300 _axvii,493p.:
_bill.(chiefly col);
_c24cm
504 _aIncludes index
942 _2lcc
_cBOOKS
_hHD 62 .S76 2017